Gottwaldova mumie /
Příběh jedné obyčejné uklízečky s neobyčejným zaměstnáním. Iška pracuje v Mauzoleu Klementa Gottwalda a zatímco musí každý den pečlivě dezinfikovat okolí střežené mumie, kolem ní se odvíjejí dějiny Československa 50. let minulého století.
Uloženo v:
| Hlavní autor: | |
|---|---|
| Médium: | E-audiokniha |
| Jazyk: | Czech |
| Vydáno: |
V Praze :
Motto,
2025
|
| Vydání: | 1. vydání |
| Témata: | |
| Tagy: |
Žádné tagy |
| LEADER | 03540nam a2200673 i 4500 | ||
|---|---|---|---|
| 001 | 313492 | ||
| 003 | CZ PrSKC | ||
| 005 | 20260601215744.0 | ||
| 007 | ta | ||
| 008 | 250916s2025 xr g 000 f cze | ||
| 015 | |a cnb003707261 | ||
| 020 | |a 9788026729419 |q (vázáno) : |c Kč 399,00 | ||
| 035 | |a (OCoLC)1549631294 | ||
| 040 | |a ABG001 |b cze |e rda | ||
| 072 | 7 | |a 821.162.3-3 |x Česká próza |2 Konspekt | |
| 080 | |a 821.162.3-31 |2 MRF | ||
| 080 | |a (0:82-31) |2 MRF | ||
| 100 | 1 | |a Hlavinková, Lucie, |d 1974- |7 xx0212699 |4 aut | |
| 245 | 1 | 0 | |a Gottwaldova mumie / |c Lucie Hlavinková |
| 250 | |a 1. vydání | ||
| 264 | 1 | |a V Praze : |b Motto, |c 2025 | |
| 300 | |a 227 stran ; |c 21 cm | ||
| 336 | |a text |b txt |2 rdacontent | ||
| 337 | |a bez média |b n |2 rdamedia | ||
| 338 | |a svazek |b nc |2 rdacarrier | ||
| 504 | |a Obsahuje bibliografii | ||
| 520 | 2 | |a Příběh jedné obyčejné uklízečky s neobyčejným zaměstnáním. Iška pracuje v Mauzoleu Klementa Gottwalda a zatímco musí každý den pečlivě dezinfikovat okolí střežené mumie, kolem ní se odvíjejí dějiny Československa 50. let minulého století. |b Kolik lidí je potřeba, aby udrželi jednu mrtvolu jako živou? Naneštěstí pro Išku to není začátek anekdoty, ale její nové pracovní rutiny. Mladá vdova a matka malého chlapce nastupuje jako uklízečka do nejstřeženější budovy tehdejšího Československa -- Mauzolea Klementa Gottwalda na pražském Vítkově. Mrtvý je tu uložen k věčnému odpočinku, zato živí kolem něj jsou pod neustálým dohledem. Iška každý den dezinfekcí bojuje proti zárodkům jakéhokoliv života. A ten její přitom postupně mizí pod nánosem špíny. Nakladatelská anotace. | |
| 655 | 7 | |a české romány |7 fd133974 |2 czenas | |
| 655 | 9 | |a Czech fiction |2 eczenas | |
| 900 | |a ABA001 |b 19 | ||
| 928 | 9 | |a Albatros Media - Motto | |
| 044 | |a xr | ||
| 505 | 0 | 0 | |t 01_Gottwaldova mumie (17 min., 37 sek.) |
| 505 | 0 | 0 | |t 02_Gottwaldova mumie (29 min., 0 sek.) |
| 505 | 0 | 0 | |t 03_Gottwaldova mumie (15 min., 54 sek.) |
| 505 | 0 | 0 | |t 04_Gottwaldova mumie (15 min., 28 sek.) |
| 505 | 0 | 0 | |t 05_Gottwaldova mumie (17 min., 35 sek.) |
| 505 | 0 | 0 | |t 06_Gottwaldova mumie (19 min., 8 sek.) |
| 505 | 0 | 0 | |t 07_Gottwaldova mumie (19 min., 17 sek.) |
| 505 | 0 | 0 | |t 08_Gottwaldova mumie (14 min., 40 sek.) |
| 505 | 0 | 0 | |t 09_Gottwaldova mumie (19 min., 30 sek.) |
| 505 | 0 | 0 | |t 10_Gottwaldova mumie (17 min., 3 sek.) |
| 505 | 0 | 0 | |t 11_Gottwaldova mumie (21 min., 45 sek.) |
| 505 | 0 | 0 | |t 12_Gottwaldova mumie (13 min., 38 sek.) |
| 505 | 0 | 0 | |t 13_Gottwaldova mumie (15 min., 11 sek.) |
| 505 | 0 | 0 | |t 14_Gottwaldova mumie (22 min., 18 sek.) |
| 505 | 0 | 0 | |t 15_Gottwaldova mumie (14 min., 1 sek.) |
| 505 | 0 | 0 | |t 16_Gottwaldova mumie (20 min., 3 sek.) |
| 505 | 0 | 0 | |t 17_Gottwaldova mumie (17 min., 4 sek.) |
| 505 | 0 | 0 | |t 18_Gottwaldova mumie (15 min., 13 sek.) |
| 505 | 0 | 0 | |t 19_Gottwaldova mumie (13 min., 42 sek.) |
| 505 | 0 | 0 | |t 20_Gottwaldova mumie (14 min., 29 sek.) |
| 505 | 0 | 0 | |t 21_Gottwaldova mumie (19 min., 20 sek.) |
| 505 | 0 | 0 | |t 22_Gottwaldova mumie (18 min., 41 sek.) |
| 505 | 0 | 0 | |t 23_Gottwaldova mumie (15 min., 43 sek.) |
| 505 | 0 | 0 | |t 24_Gottwaldova mumie (6 min., 7 sek.) |
| 910 | |a RBIT002 | ||
| 998 | |d 422978 |a https://core.palmknihy.cz/api/books/422978/cover?t3w93t |b https://core.palmknihy.cz/api/books/422978/cover/400?t3w93t |c https://core.palmknihy.cz/api/books/422978/cover/50?t3w93t |e 2035-12-31 |i 9788026729419 |l 24780 |q 49 |r 1 |s https://www.palmknihy.cz/kniha/422978 |t audiobook |y 2025 |z 0 | ||
| 999 | |d 313490 | ||